Effective: Telephoning

Gorde:
Xehetasun bibliografikoak
Formatua: Liburua
Argitaratua: 2000
Etiketak: Etiketa erantsi
Etiketarik gabe, Izan zaitez lehena erregistro honi etiketa jartzen!
Thư viện lưu trữ: Mạng thư viện Đại học Đà Nẵng
LEADER 00433nam a22001811a 4500
001 000037530
003 13825
005 20160412020356.0
008 160412s2000 000
082 |a 4A(07)799-00 
245 |a Effective: Telephoning  |c Jeremy Comfor 
260 |c 2000 
OWN |a LNN 
999 |a From the UDN01 
TYP |a Monograph 
980 |a Mạng thư viện Đại học Đà Nẵng